Central Library OPAC University of Rajshahi

A dictionary of English folklore / (Record no. 75507)

MARC details
000 -LEADER
fixed length control field 00950nam a2200289 a 4500
001 - CONTROL NUMBER
control field 75507
003 - CONTROL NUMBER IDENTIFIER
rucl marc code BD-RjUL
005 - DATE AND TIME OF LATEST TRANSACTION
control field 20211209082713.0
008 - FIXED-LENGTH DATA ELEMENTS--GENERAL INFORMATION
fixed length control field 190417s2016 enk 000|0|eng|d
020 ## - INTERNATIONAL STANDARD BOOK NUMBER
International Standard Book Number 9780198804871 (hbk.) :
Terms of availability £25.00
035 ## - SYSTEM CONTROL NUMBER
System control number (BD-RjUL)75725
040 ## - CATALOGING SOURCE
Original cataloging agency StDuBDS
Language of cataloging eng
Description conventions rda
Transcribing agency StDuBDS
Modifying agency Uk
-- BD-RjUL
041 ## - LANGUAGE CODE
Language code of text/sound track or separate title eng
082 04 - DEWEY DECIMAL CLASSIFICATION NUMBER
Classification number 398.2094203
Edition number 23
Author mark and year SID 2016
100 1# - MAIN ENTRY--PERSONAL NAME
Personal name Simpson, Jacqueline,
Relator term author.
9 (RLIN) 230771
245 12 - TITLE STATEMENT
Title A dictionary of English folklore /
Statement of responsibility, etc. Jacqueline Simpson & Steve Roud.
264 #1 - PRODUCTION, PUBLICATION, DISTRIBUTION, MANUFACTURE, AND COPYRIGHT NOTICE
Place of production, publication, distribution, manufacture Oxford :
Name of producer, publisher, distributor, manufacturer Oxford University Press,
Date of production, publication, distribution, manufacture, or copyright notice 2016.
300 ## - PHYSICAL DESCRIPTION
Pagination vii, 412 pages ;
Size 20 cm.
336 ## - CONTENT TYPE
Content type term text
Source rdacontent
337 ## - MEDIA TYPE
Media type term unmediated
Source rdamedia
338 ## - CARRIER TYPE
Carrier type term volume
Source rdacarrier
490 0# - SERIES STATEMENT
Series statement The Oxford reference collection
650 #0 - SUBJECT ADDED ENTRY--TOPICAL TERM
Topical term or geographic name as entry element Folklore
Geographic subdivision England
Form subdivision Dictionaries.
9 (RLIN) 230772
700 1# - ADDED ENTRY--PERSONAL NAME
Personal name Roud, Stephen, jt. auth.
830 ## - SERIES ADDED ENTRY--UNIFORM TITLE
Uniform title The Oxford reference collection
942 ## - ADDED ENTRY ELEMENTS (KOHA)
Source of classification or shelving scheme Dewey Decimal Classification
Koha item type Reference
Holdings
Lost status Source of classification or shelving scheme Damaged status Not for loan Collection code Permanent Location Current Location Shelving location Date acquired Source of acquisition Cost, normal purchase price Total Checkouts Full call number Date last seen Copy number Koha item type
  Dewey Decimal Classification   Not For Loan Reference Central Library, University of Rajshahi Central Library, University of Rajshahi   10/04/2019 Dhaka, Orbital International Inc. 2227.05   R 398.2094203 SID 2016 17/04/2019 C-1 Reference
  Dewey Decimal Classification   Not For Loan Reference Central Library, University of Rajshahi Central Library, University of Rajshahi   10/04/2019 Dhaka, Orbital International Inc. 2227.05   R 398.2094203 SID 2016 17/04/2019 C-2 Reference